00589nam a2200193Ia 4500003000900000008004100009020001800050040001600068080002300084245010300107260003800210300001500248650004100263650001100304650002500315650001200340650002500352700001800377IN-BaIIA211028s9999 xx 000 0 eng d a9971-50-447-2 cIIA Library a523.64(082.2)bCOM 0aCometary and solar plasma physicscedited by B. Buti  aSingaporebWorld Scientificc1988 avii, 364p. aAstronomy and astrophysics thesaurus aComets aMagnetohydrodynamics aPlasmas aSolar plasma physics aButi, B., ed.